000 00500cam a2200193ua 4500
001 12025
005 20260515114828.0
008 200117n ii |||gr||||Z||||||eng
020 _a9788121210027
040 _cMAIN
082 _a200.954
100 _aB.Tripathy,
_eEditor.
245 0 _aReligious history of Arunachal Pradesh
_cEdited by B.Tripathy
260 _aNew Delhi:
_bGyan Publishing House,
_c2008.
300 _a390p.
653 _aReligion
700 _aS.Dutta,
_eEditor.
942 _cBK
999 _c10797
_d10797